000 00602nam a22002177a 4500
003 UA-OsUOA
001 130362
007 ta
008 20180423b un ||||| |||| 00| 0 ukr d
100 _aТарадай І.
090 _a908
_bТ19
942 _cSA
040 _aUA-OsUOA
_bukr
_cUA-OsUOA
_dUA-OsUOA
245 _aНа Рівненщині відбудеться мандрівний табір "Стежками князів Острозьких"
300 _aС.9
955 _a0
041 _aukr
080 _a908
773 0 _w130357
650 7 _a908 Краєзнавство
_2UDC
999 _c418377
_d418377